000 00535nam a22001817a 4500
999 _c122307
_d122307
005 20210520115151.0
008 210520b ||||| |||| 00| 0 eng d
020 _a9781484259917
040 _cPK-LaUMT
082 _a519.55
_bVIS-H
100 _aVishwas, B V
245 _aHands-on time series analysis with Python from basics to bleeding edge techniques /
_cby B V Vishwas and Asish Patel
260 _aBangaluru :
_bAPress,
_c2020
300 _a407 p.
650 _aTime series
650 _aComputer programming
942 _cBK